000
00298nam a2200121Ia 4500
008
220214s9999 xx 000 0 und d
100
_a
Singh N P
245
0
_a
Steps to stone grafting in mango
260
_b
Indian Horticulture
_c
1981
300
_a
10-Jul
700
_a
Srivastava R P
942
_c
RE
999
_c
46246
_d
46246